[Event "ICS rated blitz match"]
[Site "204.178.125.65"]
[Date "2000.09.18"]
[Round "?"]
[White "PostModernist"]
[Black "Hossa"]
[Result "1-0"]
[WhiteElo "2676"]
[BlackElo "2557"]
[PlyCount "87"]
[EventDate "2000.??.??"]

1. d4 Nf6 2. c4 e6 3. Nf3 b6 4. g3 Ba6 5. Nbd2 Bb7 6. Bg2 c5 7. e4 cxd4 8. e5
Ne4 9. O-O Nxd2 10. Qxd2 f6 11. Qxd4 Bc5 12. Qg4 O-O 13. Bf4 Nc6 14. Rad1 Ba6
15. exf6 Rxf6 16. b3 Qf8 17. Ng5 Qe7 18. Be4 g6 19. Qh4 Re8 20. Bxc6 dxc6 21.
Ne4 Rf5 22. Bg5 Qf7 23. g4 Rxg5 24. Qxg5 Be7 25. Qe5 Qf3 26. Qxe6+ Kf8 27. Qxc6
Bc8 28. Rde1 Bxg4 29. Re3 Qf4 30. Nc3 Qg5 31. Kh1 Qh5 32. Nb5 Be2 33. Re1 Bg4
34. f3 Bh3 35. Rxe7 Bg2+ 36. Kg1 Rxe7 37. Qc8+ Kf7 38. Nd6+ Kf6 39. Qf8+ Kg5
40. Qxe7+ Kh6 41. Qf8+ Kg5 42. h4+ Kxh4 43. Qf4+ Kh3 44. Qh2# {Hossa checkmated
} 1-0

[Event "ICS rated blitz match"]
[Site "204.178.125.65"]
[Date "2000.09.18"]
[Round "?"]
[White "Hossa"]
[Black "sekere"]
[Result "1-0"]
[WhiteElo "2546"]
[BlackElo "2099"]
[PlyCount "37"]
[EventDate "2000.??.??"]

1. e4 d5 2. exd5 Nf6 3. d4 Nxd5 4. Nf3 Bg4 5. Bb5+ c6 6. Be2 Nd7 7. O-O e6 8.
c4 N5f6 9. Ng5 Bxe2 10. Qxe2 Bd6 11. d5 cxd5 12. cxd5 Nxd5 13. Nxe6 Qe7 14.
Nxg7+ Kf8 15. Qxe7+ Nxe7 16. Rd1 Kxg7 17. Rxd6 Nc5 18. b4 Ne6 19. Bb2+ {
sekere resigns} 1-0

[Event "ICS rated blitz match"]
[Site "204.178.125.65"]
[Date "2000.09.18"]
[Round "?"]
[White "PostModernist"]
[Black "Hossa"]
[Result "1-0"]
[WhiteElo "2687"]
[BlackElo "2548"]
[PlyCount "39"]
[EventDate "2000.??.??"]

1. e4 e5 2. Bc4 Nf6 3. d3 c6 4. Nf3 d5 5. Bb3 Bd6 6. Nc3 dxe4 7. Ng5 O-O 8.
Ncxe4 Nxe4 9. Nxe4 Na6 10. O-O Nc5 11. Nxc5 Bxc5 12. Qh5 Qf6 13. Be3 Be7 14. f4
e4 15. dxe4 Qxb2 16. Rad1 b6 17. Bd4 Qa3 18. Rf3 Qd6 19. Rg3 Bf6 20. e5 {
Hossa resigns} 1-0

[Event "ICS rated blitz match"]
[Site "204.178.125.65"]
[Date "2000.09.18"]
[Round "?"]
[White "Hossa"]
[Black "PostModernist"]
[Result "1/2-1/2"]
[WhiteElo "2538"]
[BlackElo "2699"]
[PlyCount "142"]
[EventDate "2000.??.??"]

1. e4 c5 2. Nf3 g6 3. d4 cxd4 4. Nxd4 Nc6 5. Nc3 Bg7 6. Be3 Nf6 7. Bc4 O-O 8.
Nxc6 dxc6 9. Qxd8 Rxd8 10. Bc5 Kf8 11. O-O b6 12. Ba3 Bb7 13. Rfd1 Ng4 14. h3
Bxc3 15. bxc3 Ne5 16. Be2 g5 17. Bc1 Rxd1+ 18. Bxd1 f6 19. f4 Rd8 20. Bh5 gxf4
21. Bxf4 Ng6 22. Bh6+ Kf7 23. Rd1 Rxd1+ 24. Bxd1 c5 25. Bf3 Bc6 26. Kf2 Ne5 27.
Bh5+ Kg8 28. Bf3 Nxf3 29. gxf3 Ba4 30. Ke3 Bxc2 31. Kd2 Bb1 32. a3 e5 33. c4
Kf7 34. h4 Kg6 35. Bf8 Ba2 36. Kc3 Kh5 37. Bg7 Kxh4 38. Bxf6+ Kg3 39. Bxe5+
Kxf3 40. Bb8 a6 41. e5 b5 42. cxb5 axb5 43. Bd6 h5 44. Bxc5 h4 45. Bg1 Kg2 46.
Be3 h3 47. Bf4 Kf3 48. Bh2 Bf7 49. Kb4 Kg2 50. Bf4 Be8 51. e6 Kf3 52. Bd6 Kf2
53. e7 Kf3 54. Kc5 Ke4 55. Bh2 Kf3 56. Kd6 Kg2 57. Be5 h2 58. Bxh2 Kxh2 59. Kc7
Bf7 60. Kd8 Kh3 61. Kd7 Bh5 62. Ke6 Kh2 63. Kf6 Be8 64. Kg7 Bh5 65. Kh6 Be8 66.
Kg7 Bd7 67. Kf8 Kh3 68. Kf7 Bc6 69. Kf8 Bd7 70. Kf7 Bc6 71. Kf8 Bd7 {
Game drawn by repetition} 1/2-1/2

[Event "ICS Rated blitz match"]
[Site "204.178.125.65"]
[Date "2000.09.18"]
[Round "?"]
[White "Hossa"]
[Black "Powerslave"]
[Result "1/2-1/2"]
[WhiteElo "2545"]
[BlackElo "2776"]
[PlyCount "135"]
[EventDate "2000.??.??"]

1. e4 Nf6 2. e5 Nd5 3. d4 d6 4. Nf3 Bg4 5. Be2 e6 6. O-O Be7 7. c4 Nb6 8. Nc3
O-O 9. Be3 a5 10. exd6 cxd6 11. Nd2 Bxe2 12. Qxe2 d5 13. cxd5 Nxd5 14. Rac1 Nc6
15. Rfe1 Rc8 16. Qf3 Ndb4 17. Qe4 e5 18. d5 f5 19. Qf3 f4 20. Bb6 Qxb6 21. dxc6
Qxc6 22. Qh3 Rcd8 23. Nf3 Bf6 24. Nxe5 Bxe5 25. Rxe5 Nxa2 26. Rb1 Nxc3 27. Qxc3
Qxc3 28. bxc3 b6 29. Re6 Rc8 30. Kf1 Rxc3 31. Rbxb6 f3 32. gxf3 Rcxf3 33. Rb2
g6 34. Ra6 Ra3 35. Ra7 Ra1+ 36. Ke2 Rh1 37. Ke3 Rxh2 38. Rxa5 Rh3+ 39. Ke4 Rhf3
40. Raa2 g5 41. Rd2 h5 42. Rd6 g4 43. Rdd2 h4 44. Rd6 R8f4+ 45. Ke5 h3 46. Ra7
Rxf2 47. Rg6+ Kf8 48. Rg5 h2 49. Rh7 Rf7 50. Rh8+ Ke7 51. Rxg4 R7f5+ 52. Ke4
Rf8 53. Rgh4 Re2+ 54. Kd3 Rxh8 55. Rxh8 Rb2 56. Rh7+ Kf8 57. Ke3 Kg8 58. Rh6
Kf7 59. Rh7+ Kg6 60. Rh8 Rg2 61. Kf3 Ra2 62. Kg3 h1=Q 63. Rxh1 Kf6 64. Rg1 Ke7
65. Rh1 Kf6 66. Rg1 Ke7 67. Rh1 Kf6 68. Rg1 {Game drawn by repetition} 1/2-1/2

[Event "ICS rated blitz match"]
[Site "204.178.125.65"]
[Date "2000.09.18"]
[Round "?"]
[White "Colorado"]
[Black "Hossa"]
[Result "1-0"]
[WhiteElo "2708"]
[BlackElo "2554"]
[PlyCount "125"]
[EventDate "2000.??.??"]

1. e4 e5 2. Nf3 Nc6 3. Bb5 a6 4. Bxc6 dxc6 5. O-O f6 6. d4 Bg4 7. dxe5 Qxd1 8.
Rxd1 fxe5 9. Rd3 Bd6 10. Nbd2 Nf6 11. b3 O-O 12. Bb2 Nd7 13. Nc4 Bxf3 14. Rxf3
Rxf3 15. gxf3 Rf8 16. Rd1 Rf6 17. Na5 Nc5 18. Kg2 Rg6+ 19. Kf1 Rf6 20. Ke2 h6
21. a3 g5 22. b4 Na4 23. Ba1 c5 24. Nxb7 cxb4 25. Nxd6 cxd6 26. axb4 Nb6 27.
Rd3 Nd7 28. c4 Kf7 29. c5 Ke7 30. c6 Nb6 31. Ra3 d5 32. Bxe5 Rxc6 33. Rxa6 Re6
34. Kd3 Nd7 35. Rxe6+ Kxe6 36. Bc7 Nf8 37. b5 Kd7 38. Ba5 dxe4+ 39. fxe4 Ng6
40. Kd4 Nf4 41. e5 Ne6+ 42. Ke4 Ng7 43. Kd5 Ne6 44. b6 Nf4+ 45. Ke4 Kc6 46. Kf5
Nd5 47. e6 Kb7 48. Kg6 g4 49. Kf7 h5 50. e7 Nxe7 51. Kxe7 Ka6 52. Kf6 h4 53.
Kf5 g3 54. fxg3 h3 55. g4 Kb7 56. g5 Kc6 57. g6 Kb5 58. b7 Kc6 59. b8=Q Kd5 60.
g7 Kd4 61. Qe5+ Kc4 62. g8=Q+ Kd3 63. Qe4# {Hossa checkmated} 1-0

[Event "ICS rated blitz match"]
[Site "204.178.125.65"]
[Date "2000.09.18"]
[Round "?"]
[White "Hossa"]
[Black "Colorado"]
[Result "0-1"]
[WhiteElo "2545"]
[BlackElo "2717"]
[PlyCount "152"]
[EventDate "2000.??.??"]

1. e4 e5 2. Nf3 Nc6 3. Nc3 Nf6 4. Nxe5 Nxe5 5. d4 Nc6 6. d5 Ne5 7. f4 Ng6 8. e5
Ng8 9. d6 cxd6 10. exd6 Qf6 11. Nb5 Kd8 12. Be3 Nxf4 13. Qd2 Ne6 14. O-O-O g6
15. Re1 Bg7 16. Qa5+ b6 17. Bxb6+ Ke8 18. Bd4 Qg5+ 19. Be3 Qd5 20. Nc7+ Nxc7
21. Qxc7 Bb7 22. Bxa7+ Kf8 23. Bc4 Bh6+ 24. Kb1 Qc6 25. Rhf1 f6 26. Bb8 Bg5 27.
Re5 Kg7 28. Rc5 Qxc7 29. dxc7 Ne7 30. Rxg5 d5 31. Bxd5 Nxd5 32. Rg3 Rc8 33. b3
Nxc7 34. Bxc7 Rxc7 35. Rf2 Re8 36. a4 Rce7 37. Rd3 Be4 38. Rd6 Bf5 39. g4 Bxg4
40. Rdxf6 Re2 41. Rf7+ Kh6 42. R7f6 R8e5 43. R6f4 Bf5 44. Kb2 Bxc2 45. Ka3 R5e3
46. Rh4+ Kg7 47. Rxe2 Rxe2 48. a5 h6 49. b4 Bf5 50. b5 Be6 51. Kb4 g5 52. Rd4
Rxh2 53. a6 Ra2 54. Kc5 g4 55. Re4 Bc8 56. Re7+ Kf6 57. Rh7 Kg6 58. Rh8 Bxa6
59. bxa6 Rxa6 60. Rg8+ Kf5 61. Rf8+ Rf6 62. Rh8 g3 63. Re8 h5 64. Re1 h4 65.
Kd4 Rd6+ 66. Kc5 Rd2 67. Rf1+ Kg4 68. Rc1 g2 69. Rc3 g1=Q+ 70. Kb5 Rb2+ 71. Kc6
Qb6+ 72. Kd7 Rd2+ 73. Ke7 Qd8+ 74. Ke6 Rd6+ 75. Kf7 Rd7+ 76. Ke6 Qe7# {
Hossa checkmated} 0-1

[Event "ICS rated blitz match"]
[Site "204.178.125.65"]
[Date "2000.09.18"]
[Round "?"]
[White "D-Zagorskis"]
[Black "Hossa"]
[Result "1-0"]
[WhiteElo "2675"]
[BlackElo "2536"]
[PlyCount "101"]
[EventDate "2000.??.??"]

1. c4 e5 2. Nc3 Nf6 3. Nf3 Nc6 4. e3 Bb4 5. Qc2 O-O 6. Nd5 Re8 7. Qf5 d6 8.
Nxf6+ gxf6 9. Qh5 d5 10. Bd3 e4 11. cxd5 Bf8 12. a3 exd3 13. dxc6 bxc6 14. Qa5
Qd5 15. Qxd5 cxd5 16. b4 Bd7 17. Bb2 Be7 18. O-O Kg7 19. Rfc1 Bd6 20. Nd4 Reb8
21. Bc3 Rb7 22. f4 Rg8 23. Kf2 a6 24. g3 Rc8 25. Nb3 Rb6 26. Bd4 Rbb8 27. Bc5
Bf5 28. Bxd6 cxd6 29. Nd4 Be4 30. Ke1 Rc4 31. Kd1 Rb7 32. Rxc4 dxc4 33. Kc1 Rb8
34. Kb2 h6 35. Kc3 d5 36. a4 h5 37. Rb1 h4 38. gxh4 Kh6 39. b5 axb5 40. axb5
Kh5 41. b6 Rb7 42. Nc6 Kxh4 43. Na5 Rb8 44. Kd4 f5 45. b7 Kh3 46. Nc6 Rxb7 47.
Rxb7 c3 48. Kxc3 d4+ 49. Kxd4 Bxc6 50. Rxf7 Be4 51. Rh7+ {Hossa resigns} 1-0

[Event "ICS rated blitz match"]
[Site "204.178.125.65"]
[Date "2000.09.18"]
[Round "?"]
[White "RebelTiger"]
[Black "Hossa"]
[Result "1/2-1/2"]
[WhiteElo "2806"]
[BlackElo "2526"]
[PlyCount "180"]
[EventDate "2000.??.??"]

1. f4 Nf6 2. Nf3 g6 3. g3 Bg7 4. d3 d5 5. Bg2 O-O 6. O-O c5 7. c3 Nc6 8. Qc2
Qb6 9. e3 Bf5 10. Nh4 Bg4 11. h3 Bd7 12. Nf3 Bf5 13. g4 Bc8 14. b3 e6 15. Ba3
Re8 16. Qf2 Qa5 17. e4 dxe4 18. Ne5 Nd5 19. Bxe4 Bf8 20. Bg2 Rd8 21. d4 cxd4
22. Bxf8 Rxf8 23. cxd4 f5 24. gxf5 Rxf5 25. Bxd5 Qxd5 26. Nc3 Qxd4 27. Qxd4
Nxd4 28. Rad1 Nc6 29. Nxc6 bxc6 30. Rd6 e5 31. fxe5 Rxf1+ 32. Kxf1 Bxh3+ 33.
Kg1 Re8 34. Rxc6 Rxe5 35. Ra6 Rc5 36. Ne4 Rc7 37. Nf6+ Kf8 38. Kh2 Bc8 39. Ra5
h5 40. Kg3 Rf7 41. Ne4 Bg4 42. Nd6 Rf6 43. Nc4 a6 44. Kh4 Ke7 45. Ne3 Bf3 46.
Kg5 Kf7 47. Rc5 Kg7 48. Re5 Rc6 49. Nc4 Rc7 50. Re6 Rc5+ 51. Ne5 Be4 52. Re7+
Kg8 53. Kh6 Kf8 54. Re6 Bf5 55. Nxg6+ Bxg6 56. Kxg6 a5 57. Re2 Rd5 58. Rh2 Ke7
59. Rxh5 Rxh5 60. Kxh5 Kd6 61. Kg5 Kc5 62. a3 Kd5 63. Kf5 Kd4 64. b4 axb4 65.
axb4 Kd5 66. b5 Kd6 67. Kf6 Kd7 68. Ke5 Kc8 69. Kd6 Kb7 70. Kc5 Kc7 71. Kd5 Kb7
72. Kc4 Kc7 73. Kc5 Kb7 74. b6 Kb8 75. Kb5 Kb7 76. Ka5 Kb8 77. Kb4 Kc8 78. Kc4
Kb8 79. Kc5 Kb7 80. Kb5 Kb8 81. Kc6 Kc8 82. Kd6 Kb8 83. Kd5 Kb7 84. Kc5 Kb8 85.
Kc4 Kc8 86. Kb4 Kb8 87. Ka5 Kb7 88. Kb5 Kb8 89. Ka6 Ka8 90. Kb5 Kb8 {
Game drawn by repetition} 1/2-1/2

[Event "ICS rated blitz match"]
[Site "204.178.125.65"]
[Date "2000.09.18"]
[Round "?"]
[White "Hossa"]
[Black "RebelTiger"]
[Result "1-0"]
[WhiteElo "2537"]
[BlackElo "2795"]
[PlyCount "143"]
[EventDate "2000.??.??"]

1. e4 Nf6 2. e5 Nd5 3. d4 d6 4. Nf3 Bg4 5. Be2 c6 6. Ng5 Bf5 7. e6 fxe6 8. g4
Bg6 9. Bd3 Bxd3 10. Qxd3 e5 11. dxe5 Nd7 12. e6 Ne5 13. Qh3 Qa5+ 14. Bd2 Qb6
15. b3 Qd4 16. Nc3 Nb4 17. Rc1 Nxc2+ 18. Rxc2 Nd3+ 19. Ke2 Nxf2 20. Qe3 Qxe3+
21. Bxe3 Nxh1 22. Rc1 h6 23. Nf7 Rg8 24. g5 hxg5 25. Rxh1 g6 26. Ne4 d5 27. Nc5
b6 28. Nd7 c5 29. Bxg5 Bg7 30. Rd1 d4 31. Kd3 Rc8 32. Nde5 Bxe5 33. Nxe5 Rd8
34. Nf7 Rc8 35. Ke4 Rc6 36. Kd5 Rc8 37. Bh6 a6 38. Rf1 Rc7 39. h3 Rc8 40. a3
Rc7 41. Rc1 Rc8 42. h4 Rc7 43. b4 Rc8 44. bxc5 g5 45. Bxg5 Rxc5+ 46. Rxc5 bxc5
47. Ne5 Rf8 48. Kxc5 d3 49. Nxd3 Rf5+ 50. Kc4 Ra5 51. Nb4 Rxa3 52. Nc6 Rg3 53.
Nxe7 Rg2 54. Kc5 Re2 55. Nd5 Rxe6 56. Nc7+ Kd7 57. Nxe6 Kxe6 58. h5 Kf7 59. Kb6
a5 60. Kxa5 Kg7 61. Kb5 Kf7 62. Kc5 Ke6 63. Kd4 Kf5 64. h6 Kxg5 65. h7 Kf5 66.
h8=Q Ke6 67. Qh5 Kd7 68. Qg6 Ke7 69. Kd5 Kd7 70. Qg7+ Kd8 71. Kd6 Kc8 72. Qc7#
{RebelTiger checkmated} 1-0

[Event "ICS rated blitz match"]
[Site "204.178.125.65"]
[Date "2000.09.18"]
[Round "?"]
[White "RebelTiger"]
[Black "Hossa"]
[Result "1-0"]
[WhiteElo "2769"]
[BlackElo "2563"]
[PlyCount "67"]
[EventDate "2000.??.??"]

1. Nc3 d5 2. d4 Bf5 3. Bf4 e6 4. e3 Nf6 5. Bd3 Bxd3 6. cxd3 Bd6 7. Qb3 Bxf4 8.
Qxb7 Nbd7 9. exf4 Rb8 10. Qxa7 Nh5 11. Nge2 Ra8 12. Qb7 Rb8 13. Qa6 Rxb2 14.
Qa3 Qb8 15. O-O Nhf6 16. f5 Ng4 17. h3 Nh6 18. fxe6 fxe6 19. Nf4 Nf8 20. Rab1
Rxb1 21. Rxb1 Qd8 22. Rb7 g5 23. Qa7 Kd7 24. Qa4+ Kd6 25. Nb5+ Ke7 26. Nxc7 Kf6
27. Ncxd5+ Qxd5 28. Nxd5+ exd5 29. Qe8 Rg8 30. Rb6+ Kg7 31. Qe5+ Kf7 32. Rf6+
Kg7 33. Re6+ Kf7 34. Qf6# {Hossa checkmated} 1-0

[Event "ICS rated blitz match"]
[Site "204.178.125.65"]
[Date "2000.09.18"]
[Round "?"]
[White "Hossa"]
[Black "RebelTiger"]
[Result "0-1"]
[WhiteElo "2556"]
[BlackElo "2776"]
[PlyCount "136"]
[EventDate "2000.??.??"]

1. e4 Nc6 2. d4 d5 3. Nc3 dxe4 4. d5 Nb8 5. Nxe4 c6 6. c4 Nf6 7. Nxf6+ exf6 8.
a3 cxd5 9. cxd5 Qa5+ 10. Qd2 Qxd2+ 11. Bxd2 Bd6 12. Bb5+ Bd7 13. Rc1 Na6 14.
Bxa6 bxa6 15. Be3 O-O 16. Nf3 Rfc8 17. O-O Bb5 18. Rfd1 Be2 19. Rxc8+ Rxc8 20.
Re1 Bc4 21. Rc1 Rc7 22. Rd1 f5 23. Nd2 Bb5 24. g3 f6 25. Kg2 Rc2 26. b4 Rc3 27.
Nb1 Rb3 28. Bc5 Bxc5 29. bxc5 Be2 30. Rc1 Bf3+ 31. Kf1 Bxd5 32. Nd2 Rb7 33. Ke2
Kf7 34. f3 Bc6 35. h4 Ke6 36. h5 Kd5 37. Rc2 Ba4 38. Rc1 Re7+ 39. Kf2 Bb5 40.
Nb1 Bc4 41. h6 gxh6 42. Kg1 Rc7 43. Nd2 Rxc5 44. Rc3 Bb5 45. Rxc5+ Kxc5 46. Kf2
Kd4 47. Nb3+ Kc4 48. Na5+ Kc3 49. Ke3 Kb2 50. a4 Bxa4 51. Kd4 f4 52. g4 Ka3 53.
Kd5 Kb4 54. Nb7 a5 55. Nd8 Bb5 56. Nf7 Bc4+ 57. Ke4 Bxf7 58. Kd3 a4 59. Kc2 a3
60. Kb1 Bd5 61. g5 fxg5 62. Kc2 a2 63. Kb2 g4 64. fxg4 f3 65. Kc2 a1=Q 66. g5
hxg5 67. Kd2 Qc3+ 68. Kd1 Bb3# {Hossa checkmated} 0-1

[Event "ICS rated standard match"]
[Site "204.178.125.65"]
[Date "2000.09.18"]
[Round "?"]
[White "George5"]
[Black "Hossa"]
[Result "0-1"]
[WhiteElo "1907"]
[BlackElo "2346"]
[PlyCount "56"]
[EventDate "2000.??.??"]

1. e4 e5 2. Nf3 Nc6 3. d4 exd4 4. Bc4 Nf6 5. e5 Ng4 6. O-O Qe7 7. Re1 Qc5 8.
Bb3 d3 9. Be3 Nxe3 10. Rxe3 dxc2 11. Bxc2 Be7 12. Nc3 O-O 13. Rc1 Nb4 14. Bb1
Qa5 15. a3 Nc6 16. Nd5 Bd8 17. b4 Qa6 18. Bd3 b5 19. Nxc7 Bxc7 20. Bxh7+ Kxh7
21. Ng5+ Kg6 22. Qg4 Nxe5 23. Qe4+ f5 24. Qxa8 Ng4 25. Rec3 Bxh2+ 26. Kh1 Kxg5
27. f3 Rh8 28. Rxc8 Nf2# {George5 checkmated} 0-1

[Event "ICS rated blitz match"]
[Site "204.178.125.65"]
[Date "2000.09.18"]
[Round "?"]
[White "RebelTiger"]
[Black "Hossa"]
[Result "1-0"]
[WhiteElo "2783"]
[BlackElo "2549"]
[PlyCount "191"]
[EventDate "2000.??.??"]

1. d3 d5 2. d4 Bf5 3. c4 dxc4 4. e3 e5 5. Bxc4 exd4 6. Qb3 Qe7 7. Qb5+ Bd7 8.
Qxb7 Qb4+ 9. Qxb4 Bxb4+ 10. Ke2 Nc6 11. Nf3 dxe3 12. Bxe3 Nge7 13. Rd1 Bg4 14.
Na3 Ne5 15. Nb5 O-O 16. Bb3 Nf5 17. Nxc7 Rac8 18. Nd5 Nxe3 19. Nxe3 Bxf3+ 20.
gxf3 Rfd8 21. Rac1 Ng6 22. Rxc8 Rxc8 23. Rd7 Nf4+ 24. Kd1 Kh8 25. Bxf7 Bc5 26.
b3 h6 27. Ng4 Kh7 28. Bc4 Kg6 29. Ba6 Re8 30. b4 Bb6 31. a3 h5 32. Ne3 Rf8 33.
Bb7 Kf6 34. Be4 g6 35. Rd6+ Ke7 36. Rc6 Rf6 37. b5 Bd4 38. a4 Rd6 39. a5 h4 40.
Rxd6 Kxd6 41. b6 axb6 42. Nc4+ Kd7 43. a6 b5 44. Na3 b4 45. Nb5 Bxf2 46. Kc2
Ne6 47. a7 Bxa7 48. Nxa7 Ng5 49. Ba8 Kc7 50. f4 Ne6 51. Nc6 b3+ 52. Kxb3 Kd6
53. Ne5 Nxf4 54. Nf3 h3 55. Bb7 Kc7 56. Ba6 Kd6 57. Ng5 Ne6 58. Nxe6 Kxe6 59.
Bc8+ Kd5 60. Kc3 Ke4 61. Bxh3 Ke5 62. Kd3 Kf6 63. Ke4 Kg7 64. Ke5 Kh8 65. Kf6
Kh7 66. Bd7 Kh6 67. Be8 Kh7 68. Kf7 Kh8 69. Bc6 Kh7 70. h3 Kh8 71. Be4 Kh7 72.
Bc2 Kh8 73. Bd3 g5 74. Kf6 Kg8 75. Bc4+ Kh8 76. Be6 Kh7 77. Bf5+ Kh8 78. Bd7
Kh7 79. Be6 Kh6 80. Bf7 Kh7 81. Bg6+ Kh6 82. Kf7 g4 83. hxg4 Kg5 84. Bh5 Kh4
85. Kf6 Kg3 86. Ke5 Kh3 87. Kf4 Kh4 88. Bg6 Kh3 89. Be4 Kh4 90. g5 Kh3 91. g6
Kh2 92. g7 Kg1 93. g8=Q+ Kf2 94. Qa2+ Ke1 95. Ke3 Kf1 96. Qb1# {
Hossa checkmated} 1-0

[Event "ICS rated blitz match"]
[Site "204.178.125.65"]
[Date "2000.09.18"]
[Round "?"]
[White "Hossa"]
[Black "RebelTiger"]
[Result "0-1"]
[WhiteElo "2542"]
[BlackElo "2790"]
[PlyCount "82"]
[EventDate "2000.??.??"]

1. e4 c6 2. d4 d5 3. Nc3 dxe4 4. Nxe4 Bf5 5. Ng3 Bg6 6. h4 h6 7. Nf3 Nd7 8. h5
Bh7 9. Bd3 Bxd3 10. Qxd3 e6 11. Bd2 Ngf6 12. O-O-O Bd6 13. Ne4 Nxe4 14. Qxe4
Nf6 15. Qe2 Qb6 16. Kb1 O-O 17. c4 c5 18. Bc3 cxd4 19. Bxd4 Bc5 20. Bxf6 gxf6
21. Rd2 Rfd8 22. g4 Rac8 23. Rf1 Qc7 24. Ka1 Qf4 25. Rdd1 Kf8 26. Rxd8+ Rxd8
27. Rg1 e5 28. Rf1 Qxg4 29. Rg1 Qf4 30. Re1 e4 31. Ng1 Rd2 32. Qf1 Rxf2 33. Qh3
Bd4 34. Qc8+ Kg7 35. Nh3 Qd2 36. Rg1+ Rg2 37. Qg4+ Rxg4 38. Rb1 Rg2 39. a3
Bxb2+ 40. Ka2 Bc3+ 41. Rb2 Qxb2# {Hossa checkmated} 0-1

[Event "ICS rated blitz match"]
[Site "204.178.125.65"]
[Date "2000.09.18"]
[Round "?"]
[White "RebelTiger"]
[Black "Hossa"]
[Result "1-0"]
[WhiteElo "2796"]
[BlackElo "2536"]
[PlyCount "155"]
[EventDate "2000.??.??"]

1. Nf3 d5 2. b3 c5 3. e3 Nf6 4. Bb2 e6 5. c4 Nc6 6. cxd5 exd5 7. Bb5 a6 8.
Bxc6+ bxc6 9. O-O Bd6 10. Qc2 Bg4 11. Ne5 Be6 12. d4 Qc7 13. Ba3 Nd7 14. Nf3
cxd4 15. Bxd6 Qxd6 16. Nxd4 c5 17. Ne2 O-O 18. Nbc3 Qe5 19. Nf4 Qg5 20. Rfd1
Nb6 21. Nce2 Rac8 22. Qd2 Rc6 23. Rac1 Bg4 24. h3 Bf3 25. Nd4 cxd4 26. Rxc6
dxe3 27. Qxe3 Bxd1 28. Rxb6 d4 29. Qxd4 a5 30. Rc6 Re8 31. Ne6 fxe6 32. Qxd1
Qe5 33. Rc2 Rf8 34. Re2 Qf4 35. Qe1 Qb4 36. Rxe6 Qxe1+ 37. Rxe1 Kf7 38. Rc1 Rd8
39. Rc5 Ra8 40. Rc7+ Kf6 41. Kf1 Rd8 42. Rc6+ Ke5 43. Ke2 Ra8 44. Rc7 Re8 45.
Kd3 Kf6 46. Rc6+ Kf7 47. Rc5 Rd8+ 48. Kc3 Ra8 49. a4 Ke6 50. b4 axb4+ 51. Kxb4
Kd6 52. a5 Re8 53. Rc2 Rb8+ 54. Ka4 Rb1 55. a6 g5 56. Ka5 Ra1+ 57. Kb6 Rb1+ 58.
Ka7 h5 59. Ka8 Ra1 60. a7 Kd5 61. Rb2 Kc5 62. Kb8 Rxa7 63. Kxa7 Kc4 64. Kb6 Kd3
65. Rb5 g4 66. h4 Ke2 67. Rxh5 Kf1 68. Rf5 Ke2 69. h5 Kf1 70. h6 Kxg2 71. h7
Kg1 72. h8=Q Kg2 73. Qh4 Kf1 74. Re5 g3 75. Qh1+ Kxf2 76. Re4 g2 77. Qe1+ Kf3
78. Qe3# {Hossa checkmated} 1-0

[Event "ICS rated blitz match"]
[Site "204.178.125.65"]
[Date "2000.09.18"]
[Round "?"]
[White "Hossa"]
[Black "harimau"]
[Result "1-0"]
[WhiteElo "2530"]
[BlackElo "2687"]
[PlyCount "143"]
[EventDate "2000.??.??"]

1. e4 d5 2. exd5 Qxd5 3. Nc3 Qa5 4. d4 c6 5. Nf3 Nf6 6. Bc4 Bf5 7. Qe2 Ne4 8.
Rb1 Nd7 9. O-O Nxc3 10. bxc3 Nb6 11. Bb3 e6 12. c4 Be7 13. Bd2 Qa6 14. Ne5 c5
15. g4 Bg6 16. f4 Nd7 17. f5 Nxe5 18. Qxe5 f6 19. Qxe6 Qxe6 20. fxe6 cxd4 21.
Ba4+ b5 22. Bxb5+ Kf8 23. Bc6 Rc8 24. Bd7 Ra8 25. Rb2 d3 26. cxd3 Bxd3 27. Rf4
Bd6 28. Bb4 Bxb4 29. Rxb4 Ke7 30. Rb3 Bc2 31. Rb2 Bg6 32. c5 Rhb8 33. Rfb4 Rxb4
34. Rxb4 a5 35. Rb7 Rd8 36. h4 Rxd7 37. exd7 Be4 38. d8=Q+ Kxd8 39. Rxg7 Bb1
40. a3 Bd3 41. Kf2 Bc2 42. Rf7 Kc8 43. Rxf6 Bb3 44. Rc6+ Kd7 45. Ra6 Bc2 46.
Rxa5 Kc6 47. Ke3 Bd1 48. Ra7 Bxg4 49. Kd4 h5 50. a4 Be2 51. Rg7 Bd1 52. Rg6+
Kc7 53. a5 Bf3 54. c6 Bxc6 55. Rxc6+ Kxc6 56. Ke4 Kb5 57. Kf4 Kxa5 58. Kg5 Kb6
59. Kxh5 Kc6 60. Kg6 Kd5 61. h5 Ke4 62. h6 Ke3 63. h7 Ke4 64. Kf6 Ke3 65. Ke5
Kd2 66. Kd4 Ke2 67. h8=Q Kf3 68. Qh4 Ke2 69. Qf4 Kd1 70. Qf2 Kc1 71. Kc3 Kd1
72. Qf1# {harimau checkmated} 1-0

[Event "ICS rated blitz match"]
[Site "204.178.125.65"]
[Date "2000.09.18"]
[Round "?"]
[White "harimau"]
[Black "Hossa"]
[Result "1-0"]
[WhiteElo "2664"]
[BlackElo "2553"]
[PlyCount "127"]
[EventDate "2000.??.??"]

1. e4 e5 2. Nf3 Nc6 3. d4 exd4 4. Nxd4 Bc5 5. Be3 Qf6 6. c3 Nge7 7. Bc4 Ne5 8.
Be2 Qg6 9. O-O d6 10. f3 O-O 11. Nd2 d5 12. Kh1 Bb6 13. Bf4 Qf6 14. Bg3 N5g6
15. Re1 Bxd4 16. cxd4 Qxd4 17. Bxc7 Be6 18. b4 Qxb4 19. Rb1 Qc5 20. Rxb7 Qc6
21. Qb1 dxe4 22. Nxe4 Bxa2 23. Qb2 Bd5 24. Nd6 Qc5 25. Rc1 Qe3 26. Rb4 Nf4 27.
Ba6 Bxf3 28. Rxf4 Bxg2+ 29. Kxg2 Qxf4 30. Bb7 Nd5 31. Bxa8 Rxa8 32. Bb8 Qg4+
33. Kf2 Nb6 34. Bc7 Qf4+ 35. Kg2 Na4 36. Qc2 Qg5+ 37. Kh1 Qd5+ 38. Qg2 Qxg2+
39. Kxg2 f6 40. Ba5 Nb2 41. Rc7 Na4 42. Nf5 g6 43. Nh6+ Kh8 44. Ng4 Rf8 45. Bb4
h5 46. Bxf8 hxg4 47. Bg7+ Kg8 48. Bxf6 Nb6 49. Rxa7 Nd5 50. Be5 Ne3+ 51. Kg3
Kf8 52. Bd6+ Kg8 53. Bf4 Nd1 54. Bh6 Nb2 55. Kxg4 Nd3 56. Kg5 Ne5 57. Bg7 Nc6
58. Rc7 Kh7 59. Bf6+ Kg8 60. Kxg6 Ne5+ 61. Bxe5 Kf8 62. Bf6 Ke8 63. Ra7 Kf8 64.
Ra8# {Hossa checkmated} 1-0

[Event "ICS rated blitz match"]
[Site "204.178.125.65"]
[Date "2000.09.18"]
[Round "?"]
[White "Hossa"]
[Black "RebelTiger"]
[Result "0-1"]
[WhiteElo "2542"]
[BlackElo "2802"]
[PlyCount "80"]
[EventDate "2000.??.??"]

1. e4 d6 2. d4 g6 3. Nc3 Bg7 4. Nf3 Bg4 5. Be3 Nc6 6. h3 Bxf3 7. gxf3 e6 8. Qd2
a6 9. O-O-O h6 10. d5 exd5 11. Nxd5 Nge7 12. Nf4 Ne5 13. Be2 Qd7 14. Bd4 O-O
15. h4 Qa4 16. Kb1 N7c6 17. Bc3 Rac8 18. h5 g5 19. Nd5 Nc4 20. Qe1 N4e5 21.
Bxe5 Bxe5 22. Rg1 Bg7 23. Bf1 Nd4 24. Ne7+ Kh7 25. Rxd4 Qxd4 26. c3 Qe5 27.
Nxc8 Rxc8 28. Bh3 Rd8 29. Bf5+ Kg8 30. Rh1 d5 31. Qe2 Bf6 32. Re1 d4 33. f4
Qxf4 34. cxd4 Rxd4 35. Kc2 Rb4 36. Rb1 Qe5 37. Kd1 Qa5 38. b3 Rd4+ 39. Kc2 Qc5+
40. Qc4 Rxc4+ {Hossa resigns} 0-1

[Event "ICS rated blitz match"]
[Site "204.178.125.65"]
[Date "2000.09.18"]
[Round "?"]
[White "RebelTiger"]
[Black "Hossa"]
[Result "1-0"]
[WhiteElo "2808"]
[BlackElo "2536"]
[PlyCount "48"]
[EventDate "2000.??.??"]

1. d3 d5 2. d4 Bf5 3. c4 dxc4 4. e3 e5 5. Bxc4 exd4 6. Qb3 Qe7 7. Qb5+ Bd7 8.
Qxb7 Qb4+ 9. Qxb4 Bxb4+ 10. Ke2 Nc6 11. Nf3 dxe3 12. Bxe3 Nf6 13. Na3 Bxa3 14.
bxa3 O-O 15. Rac1 Rab8 16. Rhd1 Rfe8 17. Bb3 Rb6 18. Ng5 Bg4+ 19. f3 Bh5 20.
Ne6 Rb7 21. Nxg7 Kxg7 22. Rxc6 Re5 23. Kf2 Rf5 24. Bd4 Bg6 {Hossa resigns} 1-0

[Event "ICS rated blitz match"]
[Site "204.178.125.65"]
[Date "2000.09.18"]
[Round "?"]
[White "Hossa"]
[Black "Haust"]
[Result "1-0"]
[WhiteElo "2530"]
[BlackElo "1932"]
[PlyCount "51"]
[EventDate "2000.??.??"]

1. e4 c5 2. Nf3 d6 3. d4 cxd4 4. Nxd4 Nf6 5. Nc3 g6 6. Be3 Bg7 7. f3 O-O 8. Qd2
Nc6 9. Bc4 Bd7 10. O-O-O Rc8 11. Bb3 Ne5 12. h4 h5 13. Bg5 Rc5 14. Kb1 Nc4 15.
Bxc4 Rxc4 16. Nde2 b5 17. e5 Nh7 18. exd6 Nxg5 19. dxe7 Qxe7 20. Qxd7 Qxd7 21.
Rxd7 Ne6 22. Rxa7 b4 23. Nd5 Nd4 24. Nxd4 Bxd4 25. Rb7 Kg7 26. Rxb4 {
Haust resigns} 1-0

[Event "ICS rated blitz match"]
[Site "204.178.125.65"]
[Date "2000.09.18"]
[Round "?"]
[White "Haust"]
[Black "Hossa"]
[Result "0-1"]
[WhiteElo "1931"]
[BlackElo "2531"]
[PlyCount "40"]
[EventDate "2000.??.??"]

1. d4 d5 2. c4 c6 3. Nc3 Nf6 4. Nf3 e6 5. cxd5 exd5 6. g3 Bd6 7. Bg2 O-O 8. O-O
Na6 9. Bg5 Re8 10. e3 h6 11. Bxf6 Qxf6 12. a3 Bg4 13. h3 Bh5 14. g4 Bg6 15. b4
Nc7 16. Ne2 h5 17. g5 Qd8 18. h4 Qd7 19. Re1 Qg4 20. Qd2 Be4 {Haust resigns}
0-1